Scholastica commentaria in universam primam partem Angelici Doctoris D. Thomae in duos tomos divisa. Quorum alter LXIIII quaestionum priorum expositionem continent; alter reliquarum quaestionum quae usque ad finem totius Primae Partis Summae hab (Registro nro. 79138)

Detalles MARC
000 -ENCABEZADO
Número de control [NR] 02338nam a2200325Ia 4500
008 - DE LONGITUD FIJA DE DATOS DE ELEMENTOS - INFORMACIÓN GENERAL
Elementos de longitud fija [NR] 130821s1602 it a gr lat
040 ## - FUENTE DE CATALOGACION [NR]
Agencia de catalogación original [NR] Co-BoUCM
Idioma de catalogación [NR] spa
041 0# - CODIGO DE IDIOMA [R]
Código de idioma para texto/pista de sonido o título separado [R] Latín
092 ## - SIGNATURA TOPOGRAFICA LOCAL
Número de clasificación local E17N035
100 1# - ASIENTO PRINCIPAL--NOMBRE PERSONAL [NR]
Nombre personal [NR] Báñez, Domingo
Fechas asociadas con el nombre [NR] 1528-1604
242 10 - TRADUCCION DEL TITULO POR LA AGENCIA CATALOGADORA [R]
Título [NR] Comentarios escolásticos, en dos tomos, a toda la Primera Parte de la Suma del Doctor Angélico, Santo Tomás. El primero incluye la exposición sobre las primeras 64 Cuestiones. El tomo segundo tomo abarca la explicación de las restantes Cuestione
245 10 - MENCION DE TITULO [NR]
Título [NR] Scholastica commentaria in universam primam partem Angelici Doctoris D. Thomae in duos tomos divisa. Quorum alter LXIIII quaestionum priorum expositionem continent; alter reliquarum quaestionum quae usque ad finem totius Primae Partis Summae hab
246 13 - FORMA VARIANTE DEL TITULO [R]
Título propiamente dicho/forma breve del título [NR] Comentarios escolásticos, en dos tomos, a toda la Primera Parte de la Suma del Doctor Angélico, Santo Tomás. El primero incluye la exposición sobre las primeras 64 Cuestiones. El tomo segundo tomo abarca la explicación de las restantes Cuestione
250 ## - MENCION DE EDICION [NR]
Mención de edición [NR] Suma Diligentia nuper impressa [Recientemente impresa con sumo cuidado]
260 ## - PUBLICACION, DISTRIBUCION, ETC. (PIE DE IMPRENTA) [R]
Lugar de publicación, distribución, etc. [R] Venetiis [Venencia]
Nombre del editor, distribuidor, etc. [R] Apud Petrum Mariam Bertanum [Pedro María Bertano.]
Fecha de publicación, distribución, etc. [R] 1602
300 ## - DESCRIPCION FISICA [R]
Extensión [R] [36], 1484 col.
Otros detalles físicos [NR] ilustraciones
500 ## - NOTA GENERAL [R]
Nota general [NR] Detalles físicos: Encuadernación en pergamino, manchado y roto en bordes y esquinas, gran deterioro en tapas. No conserva guardas; portada impresa a dos tintas, con un grabado (emblema del editor-impresor, enmarcada por un óvalo, la figura de un
504 ## - NOTA DE BIBLIOGRAFIA, ETC. [R]
Nota de bibliografía, etc. [NR]
505 0# - NOTA DE CONTENIDO CON FORMATO PREESTABLECIDO [R]
Nota de contenido con formato preestablecido [NR] V1: Naturaleza de la doctrina sagrada. ; Existencia de Dios. ; Simplicidad de Dios. ; Perfección de Dios. ; El bien en general. ; Bondad de Dios. ; Infinitud de Dios. ; Omnipresencia de Dios. ; Inmutabilidad de Dios. ; Eternidad de Dios. ; Unida
506 ## - NOTA DE RESTRICCIONES DE ACCESO [R]
Condiciones de acceso [NR] Consulta en sala.
520 ## - NOTA DE RESUMEN, ETC. [R]
Nota de sumario, etc. [NR] Comentarios a la Suma Teológica, parte primera desde la cuestiones 1 a la 64.
546 ## - NOTA DE IDIOMA [R]
Nota de idioma [NR] Texto en latín
600 ## - ASIENTO SECUNDARIO DE MATERIA - NOMBRE PERSONAL [R]
Nombre personal [NR] Tomás de Aquino
Numeración [NR] Santo
Fechas asociadas con el nombre [NR] 1225-1274
Subdivisión de forma [R] Teorías
-- Comentarios
9 (RLIN) 859
650 ## - ASIENTO SECUNDARIO DE MATERIA - TERMINO TEMATICO [R]
Término temático o nombre geográfico como elemento de entrada [NR] Escolasticismo
Subdivisión general [R] Obras anteriores a 1700
9 (RLIN) 14772
650 ## - ASIENTO SECUNDARIO DE MATERIA - TERMINO TEMATICO [R]
Término temático o nombre geográfico como elemento de entrada [NR] Teología
9 (RLIN) 25230
650 ## - ASIENTO SECUNDARIO DE MATERIA - TERMINO TEMATICO [R]
Término temático o nombre geográfico como elemento de entrada [NR] Tomismo
Subdivisión general [R] Obras anteriores a 1700
9 (RLIN) 25513
700 1# - ASIENTO SECUNDARIO - NOMBRE PERSONAL [R]
Nombre personal [NR] Bertano, Pedro María
Término de relación [R]
942 ## - ELEMENTOS DE ENTRADA AGREGADOS (KOHA)
Tipo de ítem principal el descrito en 300a Libro
Tema principal Filosofía
Edición 1
Sistema de clasificación DEWEY
Clasificación 189.4
Existencias
Total préstamos Código de barras Última vez visto Volúmen / Fascículo Ejemplar Price effective from Tipo de ítem Perdido Sistema de clasificación Dañado No prestable Tipo de ítem específico Suprimido Ubicación habitual Ubicación actual Localización Fecha de creación Forma de adquisición Costo
  L002627 15/12/2012 E17N035 V.1 Ej.1 03/02/2013 Libro   DEWEY     Libro archivo     Archivo Histórico Archivo histórico 28/02/2013 Donación 0.00